Michigan School Districts - Statistics

General Stats
  • This quiz has been taken 27 times
    25 since last reset
  • The average score is 25 of 539
Answer Stats
School District % Correct
Birmingham City
50%
Ann Arbor
43%
Grand Rapids
43%
Dearborn
36%
East Lansing
36%
Battle Creek
29%
Bay City
29%
Lake Shore
29%
Lakeshore
29%
Lansing
29%
Livonia
29%
Mackinac Island
29%
Mackinaw City
29%
Saginaw
29%
Troy
29%
Warren Woods
29%
West Bloomfield
29%
Wyoming
29%
Ypsilanti
29%
Allen Park
21%
Alpena
21%
Avondale
21%
Berrien Springs
21%
Bloomfield Hills
21%
Charlevoix
21%
Coldwater
21%
Crestwood
21%
Eastpointe
21%
Ferndale
21%
Fraser
21%
Gaylord
21%
Gladwin
21%
Grosse Pointe
21%
Hamtramck
21%
Hillsdale
21%
Huron
21%
Kentwood
21%
Lakeview
21%
Midland
21%
Monroe
21%
Northville
21%
Novi Community
21%
Pinckney
21%
Plymouth-Canton
21%
Portage
21%
Redford Union
21%
Rockford
21%
Romulus
21%
Saugatuck
21%
South Haven
21%
South Lyon
21%
St. Joseph
21%
Taylor
21%
Union City
21%
Utica
21%
Van Buren
21%
Van Dyke
21%
Adrian
14%
Alcona
14%
Allegan
14%
Bad Axe
14%
Bedford
14%
Berkley
14%
Big Rapids
14%
Boyne City
14%
Byron Center
14%
Carrollton
14%
Chelsea
14%
Clinton
14%
Clintondale
14%
DeWitt
14%
Dundee
14%
East Grand Rapids
14%
Garden City
14%
Gibraltar
14%
Grandville
14%
Holt
14%
Howell
14%
Ionia
14%
Iron Mountain
14%
Ithaca
14%
Jackson
14%
Jenison
14%
Lake Orion
14%
Lincoln Park
14%
Madison
14%
Marshall
14%
Memphis
14%
Munising
14%
Okemos
14%
Otsego
14%
Plainwell
14%
Richmond
14%
River Rouge
14%
Roseville
14%
South Redford
14%
St. Johns
14%
Sturgis
14%
Wayne-Westland Community
14%
Wyandotte City
14%
Adams
7%
Alma
7%
Armada Area Schools
7%
Atlanta
7%
Beal City
7%
Breckenridge
7%
Burt
7%
Caledonia
7%
Caseville
7%
Center Line
7%
Chippewa Valley Schools
7%
Clare
7%
Clarenceville
7%
Coloma
7%
Concord
7%
Dexter Community
7%
East China
7%
Eaton Rapids
7%
Farmington Public
7%
Fitzgerald
7%
Flat Rock
7%
Forest Area
7%
Frankenmuth
7%
Genesee
7%
Grand Blanc
7%
Grand Ledge
7%
Grass Lake
7%
Greenville
7%
Hancock
7%
Hazel Park City
7%
Imlay City
7%
Kalkaska
7%
Lapeer
7%
Linden
7%
Manchester
7%
Martin
7%
Marysville
7%
Mason
7%
Mount Pleasant City
7%
New Haven
7%
Niles Community
7%
Oak Park City
7%
Owosso
7%
Pontiac City
7%
Rochester Community
7%
Romeo
7%
Schoolcraft
7%
Southgate Community
7%
South Lake Schools
7%
Swartz Creek
7%
Tecumseh
7%
Tekonsha
7%
Thornapple Kellogg
7%
Three Rivers
7%
Traverse City Area
7%
Trenton
7%
Vicksburg
7%
Warren Consolidated Schools
7%
Waterford
7%
Westwood
7%
White Pigeon
7%
Whitmore Lake
7%
Wolverine
7%
Addison
0%
Airport Community
0%
Akron-Fairgrove Schools
0%
Alanson
0%
Alba
0%
Algonac Community
0%
Allendale Public
0%
Almont
0%
Anchor Bay
0%
Arvon
0%
Ashley
0%
Athens Area Schools
0%
Atherton
0%
Au Gres-Sims
0%
Autrain-Onota
0%
Baldwin
0%
Bangor
0%
Bangor 8
0%
Bangor Schools
0%
Baraga Area Schools
0%
Bark River-Harris
0%
Bath
0%
Bear Lake
0%
Beaver Island Community School
0%
Beaverton Rural Schools
0%
Beecher Community
0%
Belding Area
0%
Bellaire
0%
Bellevue
0%
Bendle
0%
Bentley
0%
Benton Harbor Area Schools
0%
Benzie County Central Schools
0%
Berlin 3
0%
Bessemer Area
0%
Big Bay de Noc
0%
Big Jackson
0%
Birch Run Area
0%
Blissfield
0%
Bloomingdale Public
0%
Bois Blanc Pines
0%
Boyne Falls Public
0%
Brandon
0%
Brandywine Public
0%
Breitung Schools
0%
Bridgeport-Spaulding Community
0%
Bridgman
0%
Brighton Area Schools
0%
Brimley Area Schools
0%
Britton-Macon Area
0%
Bronson Community
0%
Brown City
0%
Buchanan
0%
Buckley Community
0%
Bullock Creek
0%
Burr Oak Community
0%
Byron Area Schools
0%
Cadillac Area
0%
Camden-Frontier Schools
0%
Capac Community
0%
Carman-Ainsworth
0%
Carney-Nadeau
0%
Caro
0%
Carson City-Crystal Area
0%
Carsonville-Port Sanilac
0%
Cass City
0%
Cassopolis
0%
Cedar Springs
0%
Central Lake
0%
Central Montcalm
0%
Centreville
0%
Charlotte
0%
Chassell
0%
Cheboygan Area Schools
0%
Chesaning Union Schools
0%
Chippewa Hills
0%
Church
0%
Clarkston Community
0%
Clawson City
0%
Climax-Scotts
0%
Clio Area
0%
Coleman Community
0%
Colfax 1F
0%
Colon Community
0%
Columbia
0%
Comstock
0%
Comstock Park
0%
Constantine Public
0%
Coopersville Public
0%
Corunna Public
0%
Covert
0%
Crawford AuSable Schools
0%
Croswell-Lexington
0%
Dansville Schools
0%
Davison
0%
Dearborn Heights 7
0%
Decatur
0%
Deckerville Community
0%
Delton-Kellogg
0%
DeTour Area Schools
0%
Detroit Community District
0%
Dollar Bay-Tamarack City Area Schools
0%
Dowagiac Union Schools
0%
Dryden
0%
Durand Area Schools
0%
East Jackson
0%
East Jordan
0%
Easton 6
0%
Eau Claire
0%
Ecorse Public
0%
Edwardsburg
0%
Elk Rapids Schools
0%
Elkton-Pigeon-Bay Port Schools
0%
Ellsworth Community
0%
Elm River
0%
Engadine Consolidated Schools
0%
Escanaba Area
0%
Essexville-Hampton
0%
Evart
0%
Ewen-Trout Creek Consolidated
0%
Excelsior 1
0%
Fairview Area
0%
Farwell Area Schools
0%
Fennville
0%
Fenton Area
0%
Flint City
0%
Flushing
0%
Forest Hills
0%
Forest Park
0%
Fowler
0%
Fowlerville
0%
Frankfort-Elberta Area Schools
0%
Freeland Community
0%
Fremont Public
0%
Fruitport
0%
Fulton Schools
0%
Galesburg-Augusta
0%
Gladstone Area Schools
0%
Glen Lake
0%
Glenn Public
0%
Gobles Public
0%
Godfrey-Lee
0%
Godwin Heights
0%
Goodrich Area Schools
0%
Grand Haven Area
0%
Grant 2
0%
Grant Public
0%
Grosse Ile Schools
0%
Gull Lake
0%
Gwinn Area
0%
Hagar 6
0%
Hale Area Schools
0%
Hamilton
0%
Hannahville Indian
0%
Hanover-Horton Schools
0%
Harbor Beach
0%
Harbor Springs
0%
Harper Creek
0%
Harper Woods City Schools
0%
Harrison
0%
Hartford Public
0%
Hartland Consolidated Schools
0%
Hart Public
0%
Haslett
0%
Hastings Area
0%
Hemlock Public
0%
Hesperia
0%
Hillman
0%
Holland City
0%
Holly Area
0%
Holton
0%
Homer
0%
Hopkins
0%
Houghton Lake
0%
Houghton-Portage Schools
0%
Hudson Area Schools
0%
Hudsonville Public
0%
Huron Valley Schools
0%
Ida Public
0%
Inland Lakes Schools
0%
Ionia 2
0%
Ironwood Area Schools
0%
Ishpeming Public
0%
Jefferson Schools
0%
Johannesburg-Lewiston Area Schools
0%
Jonesville
0%
Joseph K. Lumsden Bahweting Anishnabe
0%
Kalamazoo Public
0%
Kaleva Norman Dickson
0%
Kearsley
0%
Kelloggsville
0%
Kenowa Hills
0%
Kent City
0%
Kingsley Area Schools
0%
Kingston Community
0%
Laingsburg Community
0%
Lake City Area
0%
Lake Fenton
0%
Lake Linden-Hubbell
0%
Lakeville
0%
Lakewood
0%
Lamphere
0%
L'Anse Area Schools
0%
L'Anse Creuse
0%
Lawrence Public
0%
Lawton Community
0%
Leland Public
0%
Les Cheneaux
0%
Leslie
0%
Lincoln Consolidated
0%
Litchfield
0%
Lowell Area Schools
0%
Ludington Area
0%
Madison District
0%
Mancelona
0%
Manistee Area Schools
0%
Manistique Area Schools
0%
Manton Consolidated Schools
0%
Maple Valley Schools
0%
Marcellus
0%
Marion
0%
Mar Lee
0%
Marlette
0%
Marquette Area
0%
Mason Consolidated Schools
0%
Mason County Central Schools
0%
Mason County Eastern Schools
0%
Mattawan Consolidated School
0%
Mayville Community
0%
McBain Rural Agricultural Schools
0%
Melvindale-North Allen Park Schools
0%
Mendon Community
0%
Menominee Area
0%
Meridian
0%
Merrill
0%
Mesick Consolidated Schools
0%
Michigan Center
0%
Mid Peninsula
0%
Milan Area Schools
0%
Millington
0%
Mio-AuSable Schools
0%
Mona Shores
0%
Montabella
0%
Montague Area
0%
Montrose
0%
Moran
0%
Morenci Area Schools
0%
Morley Stanwood
0%
Morrice Area Schools
0%
Mount Clemens Community
0%
Mount Morris Consolidated Schools
0%
Muskegon City
0%
Napoleon
0%
Negaunee
0%
Newaygo Public
0%
New Buffalo Area Schools
0%
New Lothrop Area
0%
N.I.C.E. Community
0%
North Adams-Jerome Schools
0%
North Branch Area Schools
0%
North Central Area Schools
0%
North Dickinson County Schools
0%
North Huron
0%
North Muskegon
0%
Northport Public
0%
Northview Public
0%
Northwest
0%
Norway-Vulcan Area Schools
0%
Nottawa Community School
0%
Oakridge
0%
of Calumet, Laurium, & Keweenaw
0%
of Petoskey
0%
Olivet
0%
Onaway Area Community
0%
Oneida
0%
Onekama Consolidated Schools
0%
Onsted
0%
Ontonagon Area Schools
0%
Orchard View Schools
0%
Oscoda Area Schools
0%
Ovid-Elsie Area Schools
0%
Owendale-Gagetown Area Schools
0%
Oxford Area
0%
Parchment
0%
Paw Paw Public
0%
Peck Community
0%
Pellston
0%
Pennfield
0%
Pentwater Public
0%
Perry Public
0%
Pewamo-Westphalia
0%
Pickford
0%
Pinconning Area Schools
0%
Pine River Area Schools
0%
Pittsford Area Schools
0%
Port Huron Area
0%
Portland Public
0%
Posen Consolidated
0%
Potterville
0%
Powell Schools
0%
Quincy Community
0%
Rapid River
0%
Ravenna
0%
Reading
0%
Reed City Area
0%
Reese
0%
Reeths-Puffer Schools
0%
Republic-Michigamme Schools
0%
River Valley
0%
Riverview Community
0%
Rogers City Area Schools
0%
Roscommon Area
0%
Royal Oak Schools
0%
Rudyard Area Schools
0%
Saginaw City
0%
Saline Area Schools
0%
Sand Creek
0%
Sandusky Community
0%
Saranac
0%
Sault Ste. Marie Area Schools
0%
Shelby
0%
Shepherd Public
0%
Sigel 3F
0%
Sigel 4F
0%
Sodus 5
0%
Southfield Public
0%
Sparta Area Schools
0%
Spring Lake
0%
Springport
0%
Standish-Sterling Community
0%
Stanton
0%
St. Charles
0%
Stephenson Area
0%
St. Ignace Area Schools
0%
St. Louis
0%
Stockbridge
0%
Summerfield
0%
Superior Central Schools
0%
Suttons Bay
0%
Swan Valley
0%
Tahquamenon Area Schools
0%
Tawas Area Schools
0%
Tri County Area Schools
0%
Ubly
0%
Unionville-Sebewaing Area
0%
Vanderbilt Area Schools
0%
Vandercook Lake
0%
Vassar
0%
Verona 1F
0%
Vestaburg
0%
Wakefield-Marenisco
0%
Waldron Area Schools
0%
Walkerville
0%
Walled Lake Consolidated Schools
0%
Watersmeet
0%
Watervliet
0%
Waverly
0%
Wayland Union Schools
0%
Webberville
0%
Wells
0%
West Branch-Rose City Area Schools
0%
Western
0%
West Iron County
0%
West Ottawa Public
0%
Westwood Heights Schools
0%
White Cloud
0%
Whitefish Schools
0%
Whiteford Agricultural Schools
0%
Whitehall District Schools
0%
Whittemore-Prescott Area Schools
0%
Williamston
0%
Woodhaven-Brownstown
0%
Yale
0%
Zeeland
0%
No matching quizzes found
Score Distribution
Percent of People with Each Score
Percentile by Number Answered
Your Score History
You have not taken this quiz since the last reset